| 000 | 004310000a22001810004500 | ||
|---|---|---|---|
| 003 | MACL | ||
| 005 | 20160114122619.0 | ||
| 008 | 160114b xxu||||| |||| 00| 0 eng d | ||
| 040 |
_aMACL _cmacl |
||
| 041 | _aEnglish | ||
| 082 | _a001 | ||
| 100 |
_aVaishnav,Jagdeep _932140 |
||
| 245 | _aCracking the CAT 2013 | ||
| 260 |
_aNew Delhi _bUnique Publisers _c2013 |
||
| 350 | _a675 | ||
| 650 |
_aG.K. _932142 |
||
| 942 |
_cBK _k001 _2ddc |
||
| 999 |
_c49086 _d49086 |
||